000 00205nam a22001097a 4500
100 _aIssacson Walter
245 _aEinsten
250 _a2007
260 _bRocket Books
300 _a675
942 _2ddc
_cBK
999 _c11838
_d11838